000 00628nam a2200241Ia 4500
005 20250425161807.0
008 250425s9999 xx 000 0 und d
020 _a9701701399
041 _aspa
082 _a001.42
100 _aMUÑOZ RAZO, CARLOS
245 0 _aCOMO ELABORAR Y ASESORAR UNA INVESTIGACION DE TESIS
250 _a1A ED.
260 _aMEXICO
260 _aMéxico
_bPRENTICE-HALL
_c1998
300 _a300
650 _aINVESTIGACION
650 _aMETODOS DE INVESTIGACION
650 _aTECNICAS DE INVESTIGACION
650 _aTESIS Y DISERTACIONES ACADEMICAS
942 _c01
010 _a29893
999 _c216238
_d216238